| 000 | 00459nam a2200169Ia 4500 | ||
|---|---|---|---|
| 005 | 20250508162902.0 | ||
| 008 | 008 250505s9999 xx 000 0 hin d | ||
| 037 | _aTextual | ||
| 040 |
_aFEDL _beng _cFEDL |
||
| 041 |
_ahin _2eng |
||
| 084 |
_a612, VAT _qFEDL |
||
| 100 |
_aVatsya Sant Ram _9762754 |
||
| 245 | 0 | _aHumara shareer | |
| 260 |
_aDelhi, India _bPermeshvari Prakashan _c1999 |
||
| 942 |
_cTEXL _h612, VAT |
||
| 999 |
_c1379238 _d1379238 |
||